000 00493nam a2200193Ia 4500
003 OSt
005 20220918105433.0
006 a|||||r|||| 00| 0
007 ta
008 220915b |||||||| |||| 00| 0 eng d
024 _a94,133
037 _cReference Collections
040 _aARTS
_cARTS
_beng
041 _2eng
_aeng
082 _aU8:6g, L3(RR)
245 0 _aAfrican and oriental holiday
942 _hU8:6g, L3(RR)
_cREF
999 _c107220
_d107220